000 00705 a2200205 4500
010 _aENG-88622
020 _c100.00
_a8188261483
035 _aEN-72154
037 _bDBAD / PUB
082 1 4 _a230.35
090 _c9076
_d9076
245 1 _aBhagavan Ramana :
_cedited by A.R. Natarajan
_bthe extravagant boon giver/
260 _aBangalore
_bRamana Maharshi Centre for Learning
_c2006
270 _aPost Office Road, Sanjay Nagar,
_bBangalore
_cKarnataka
_e560 094
300 _av, 85p. :
_c24cm (pbk)
500 _aIncludes index
700 _aNatarajan, A.R.
942 _adpl
_cEN
_k230.35 / BHA
999 _c8912
_d8912